The practical guide to documentary editing techiniques for TV and film / (Record no. 354926)
[ view plain ]
| 000 -LEADER | |
|---|---|
| fixed length control field | 00332nam a2200109Ia 4500 |
| 008 - FIXED-LENGTH DATA ELEMENTS--GENERAL INFORMATION | |
| fixed length control field | 180205s9999 xx 000 0 und d |
| 020 ## - INTERNATIONAL STANDARD BOOK NUMBER | |
| International Standard Book Number | 9781138292192 |
| 100 ## - MAIN ENTRY--PERSONAL NAME | |
| Personal name | Billinge, Sam |
| 245 #4 - TITLE STATEMENT | |
| Title | The practical guide to documentary editing techiniques for TV and film / |
| 260 ## - PUBLICATION, DISTRIBUTION, ETC. (IMPRINT) | |
| Place of publication, distribution, etc | New york : |
| Name of publisher, distributor, etc | Routledge |
| Date of publication, distribution, etc | 2017 |
| 300 ## - PHYSICAL DESCRIPTION | |
| Extent | x, 228 pages |
| Withdrawn status | Lost status | Damaged status | Home library | Current library | Shelving location | Date acquired | Source of acquisition | Total Checkouts | Total Renewals | Full call number | Barcode | Checked out | Date last seen | Date checked out | Price effective from | Koha item type |
|---|---|---|---|---|---|---|---|---|---|---|---|---|---|---|---|---|
| College Library | College Library | Reserve Section | 02/05/2018 | Library Fund | 2 | 10 | TR 899 .B598 2017 | c21153 | 03/15/2020 | 02/03/2020 | 02/03/2020 | 02/05/2018 | Books |